Comunicación oral

Uloženo v:
Podrobná bibliografie
Hlavní autor: Sullivan, Eileen McEntee (Autor)
Médium: Kniha
Jazyk:španělština
Vydáno: Ciudad de México McGraw-Hill 2004
Vydání:2a. ed
Témata:
Tagy: Přidat tag
Žádné tagy, Buďte první, kdo vytvoří štítek k tomuto záznamu!

MARC

LEADER 00000nam a2200000 a 4500
001 UCI2938
003 CL-VaPUC
008 071005e20040000MX |||||||||||||||||spa|d
020 |a 9701042840 
082 0 4 |a 302.224  |b SUL  |2 21 
100 0 |a Sullivan, Eileen McEntee  |e author  |9 524205 
245 1 0 |a Comunicación oral 
250 |a 2a. ed 
300 |a 160 p 
942 |c BK 
945 |d 20071005 00:00:00  |a cmena 
260 |a Ciudad de México  |b McGraw-Hill  |c 2004 
650 0 |a Medios de comunicación  |9 257206 
650 0 |a Discursos   |9 265028 
650 0 |a Oratoria  |9 307605 
650 0 |a Relaciones interpersonales  |9 307056 
650 0 |a Análisis del discurso  |9 256696 
583 |a last modification  |c 20071005 00:00:00  |k Rodrigo Vera 
999 |c 327347  |d 327345 
952 |0 0  |1 0  |4 0  |6 302_224000000000000_SUL_2004  |7 0  |8 A  |9 410087  |a BIBEDU  |b BIBEDU  |d 2019-11-22  |i 4332628  |l 3  |o 302.224 SUL 2004  |p 4332628  |r 2024-05-29  |s 2024-05-15  |w 2019-11-22  |y BK  |k LIT